| 000 | 00956pam a2200289 a 4500 | ||
|---|---|---|---|
| 001 | 015516714 | ||
| 003 | OSt | ||
| 005 | 20201128021027.0 | ||
| 008 | 100319t2011 xxuadk frb 001 0 eng d | ||
| 020 | _a9780137056323 (pbk.) | ||
| 020 | _a013705632X (pbk.) | ||
| 040 |
_aStDuBDS _beng _cStDuBDS _dUk |
||
| 082 | 0 | 4 |
_a005.82 _222 _bSTA |
| 100 | 1 |
_aStallings, William _92633 |
|
| 245 | 1 | 0 |
_aCryptography and network security : _bprinciples and practice / _cWilliam Stallings. |
| 250 |
_a5th ed., _binternational ed. |
||
| 260 |
_aBoston, United States : _bPrentice Hall, _cc.2011. |
||
| 300 |
_a743 p. : _bchart, forms, tables ; _c24 cm. |
||
| 500 | _aIndex : p. 735-743. | ||
| 500 | _aincludes appendix. | ||
| 504 | _aBibliography : p. 723-734. | ||
| 650 | 0 |
_aData encryption (Computer science) _92635 |
|
| 650 | 0 |
_aComputer networks _xSecurity measures _92634 |
|
| 653 |
_bCS _cJanuary2014 |
||
| 655 |
_vreading book _934232 |
||
| 942 |
_2ddc _k005.82 STA |
||
| 999 |
_c17989 _d17961 |
||